000 00644nam a2200217Ia 4500
003 GCL
008 140319s9999 xx 000 0 ara d
040 _aGCL /
_cGCL
082 0 4 _aط
_b507
_bد ح
100 1 _aدار المعارف
245 1 0 _aالحياة فى المحيطات /
_cدار المعارف
260 _a[S.N] :
_bدار المعارف
300 _aمتعددة
490 _aحقائق وتسالى
_v0
650 0 4 _aالاطفال
650 0 4 _aالبحار والمحيطات
650 0 4 _aالاحياء الدقيقة
650 0 4 _aالاسماك
650 0 4 _aالاحياء البحرية
942 _2ddc
_cBK
999 _c34580
_d34580